000 00676nam a2200217 u 4500
001 61435
005 20180714063050.0
008 140918s2013 mx a r 000 0 spa d
020 _a978-607-95349-1-2
082 0 _a659.1
_bDUP
100 1 _aDupont, Luc,
_eautor
245 1 0 _a1001 trucos publicitarios /
_cLuc Dupont.
250 _a17ª. Edición internacional
264 1 _aMéxico :
_bEdiciones Robinbook,
_c2013
300 _a261 páginas :
_bilustraciones ;
_c23 cm.
336 _atexto
_brdacontent
337 _asin mediación
_2rdamedia
338 _avolumen
_2rdacarrier
650 1 _aPublicidad
700 1 _aColobrans Delgado, Jordi,
_etraductor
999 _c61435
_d61435